书目信息 |
| 题名: |
小妇人
|
|
| 作者: | 奥尔科特 著 ;陈琳秀 译 | |
| 分册: | 上 | |
| 出版信息: | 哈尔滨 哈尔滨出版社 2008.08 |
|
| 页数: | 261页 | |
| 开本: | 24cm | |
| 丛书名: | 全球百大名著系列 | |
| 单 册: | ||
| 中图分类: | I712.44 | |
| 科图分类: | ||
| 主题词: | 长篇小说--chang pian xiao shuo--美国--近代 | |
| 电子资源: | ||
| ISBN: | 978-7-80753-150-0 | |
| 000 | 01241nam 2200277 450 | |
| 001 | 012009495869 | |
| 005 | 20090430161822.39 | |
| 010 | @a978-7-80753-150-0@dCNY20.00 | |
| 100 | @a20090430d2008 em y0chiy0120 ea | |
| 101 | 1 | @achi@ceng |
| 102 | @aCN@b230000 | |
| 105 | @aac z 000ay | |
| 106 | @ar | |
| 200 | 1 | @a小妇人@Axiao fu ren@d= Little women@h上@f(美) 路易莎·梅·奥尔科特著@F(mei)lu yi sha·mei·ao er ke te zhu@g陈琳秀译@Gchen lin xiu yi@zeng |
| 210 | @a哈尔滨@c哈尔滨出版社@d2008.08 | |
| 215 | @a261页@c图, 肖像@d24cm | |
| 225 | 2 | @a全球百大名著系列@Aquan qiu bai da ming zhu xi lie@e插图本@h第二辑 |
| 330 | @a《小妇人》是美国文学中脍炙人口的经典之作,它讲述了美国内战期间一个普通人家四姐妹成长的故事。书中的四姐妹有的温柔漂亮,有的顽皮任性,有的大方直率,有的文静羞涩,但她们都非常可爱善良并各怀才艺和梦想,在父亲从军、生活艰苦的情况下,她们只能把瑰丽的梦想装在心里。 | |
| 410 | 0 | @12001 @a全球百大名著系列 |
| 500 | 10 | @aLittle women@mChinese |
| 606 | 0 | @a长篇小说@Achang pian xiao shuo@y美国@z近代 |
| 690 | @aI712.44@v4 | |
| 701 | 1 | @a奥尔科特@Aao er ke te@g(Alcott, Louisa May),@f1832.11-1888.3@4著 |
| 702 | 0 | @a陈琳秀@Achen lin xiu@4译 |
| 801 | 0 | @aCN@bQSSK@c20090430 |
| 905 | @b738733-34@dI712.44@eA759:1@f2 | |
| 小妇人= Little women.上/(美) 路易莎·梅·奥尔科特著/陈琳秀译.-哈尔滨:哈尔滨出版社,2008.08 |
| 261页:图, 肖像;24cm.-(全球百大名著系列:插图本.第二辑) |
| ISBN 978-7-80753-150-0:CNY20.00 |
| 《小妇人》是美国文学中脍炙人口的经典之作,它讲述了美国内战期间一个普通人家四姐妹成长的故事。书中的四姐妹有的温柔漂亮,有的顽皮任性,有的大方直率,有的文静羞涩,但她们都非常可爱善良并各怀才艺和梦想,在父亲从军、生活艰苦的情况下,她们只能把瑰丽的梦想装在心里。 |
| ● |
| 相关链接 |
|
|
|
正题名:小妇人
索取号:I712.44/A759:1
 
预约/预借
| 序号 | 登录号 | 条形码 | 馆藏地/架位号 | 状态 | 备注 |
| 1 | 738733 | 207387335 | 社科二线400B/400B社科库 4排2列6层/ [索取号:I712.44/A759:1] | 在馆 | |
| 2 | 738734 | 207387344 | 社科二线400B/400B社科库 31排1列3层/ [索取号:I712.44/A759:1] | 在馆 |